000 00425cam a2200169ua 4500
020 _c246.00
041 _aeng
_h
082 _a307.14
_bSAU/CO
100 _aSautoy, Peter du .
245 _aCommunity development in Ghana /
_cPeter du Sautoy.
_hTextual Documents
260 _a :
_bOxford University Press ,
_c1960.
300 _a209 ; .
365 _a246.00
504 _a
942 _cBK
999 _c1734
_d1734